000 00495nam a2200181Ia 4500
005 20250508152440.0
008 008 250505s9999 xx 000 0 eng d
037 _aTextual
040 _aFEDL
_beng
_cFEDL
041 _aeng
_2eng
084 _a954, BAS
_qFEDL
100 _aBasak Radhagovinda Ed.
245 0 _aAsokan inscriptions
260 _aCalcutta, India
_bProgressive Publishers
_c1959
300 _axxxi,162p
942 _cTEXL
_h954, BAS
999 _c1336484
_d1336484